00462cam a22001937a 4500003000500000005001700005008004100022010001000063011001000073020001500083035001000098040000900108082001500117100001700132245004300149260004200192300001100234650002300245CHAP20220329142624.0020521d1980 mx r 00110 spa d a85747 a86719 a9686055290 a97259 cCHAP04a574.16bG300aGagnon, John10aSexualidad y culturac/por John Gagnon aMéxico, D.F.;bPAX-México,c1980. a308 p.14aSexualidad humana.